Этнология: учебник

Detalles Bibliográficos
Autor Principal: Садохин А. П. Александр Петрович
Summary:Рассматриваются школы и направления, методологические подходы и теории этнологической науки, раскрывается содержание основных категорий и понятий. Особое внимание автор обращает на роль этнологии в современных общественно-политических процессах. Теоретические положения и описания иллюстрируются конкретными примерами из жизни разных народов.Для студентов, преподавателей гуманитарного профиля, специалистов в области культурологии, социологии, политологии, культурной и социальной антропологии.
Idioma:ruso
Publicado: Москва, Гардарики, 2008
Subjects:
Formato: Libro
KOHA link:https://koha.lib.tpu.ru/cgi-bin/koha/opac-detail.pl?biblionumber=137529

MARC

LEADER 00000nam0a2200000 4500
001 137529
005 20231031141102.0
010 |a 9785829701710 
035 |a (RuTPU)RU\TPU\book\149050 
090 |a 137529 
100 |a 20080513d2008 m y0rusy50 ca 
101 0 |a rus 
102 |a RU 
105 |a y j 001zy 
200 1 |a Этнология  |e учебник  |f А. П. Садохин 
210 |a Москва  |c Гардарики  |d 2008 
215 |a 287 с. 
320 |a Библиография в конце глав. 
320 |a Словарь терминов: с. 277-285. 
330 |a Рассматриваются школы и направления, методологические подходы и теории этнологической науки, раскрывается содержание основных категорий и понятий. Особое внимание автор обращает на роль этнологии в современных общественно-политических процессах. Теоретические положения и описания иллюстрируются конкретными примерами из жизни разных народов.Для студентов, преподавателей гуманитарного профиля, специалистов в области культурологии, социологии, политологии, культурной и социальной антропологии. 
451 1 |0 (RuTPU)RU\TPU\book\64208  |y 5-98281-018-5  |t Этнология  |o учебное пособие  |f А. П. Садохин  |e 3-е изд., перераб. и доп.  |c М.  |n Инфра-М  |n Альфа-М  |d 2004  |p 352 с.  |a Садохин, Александр Петрович 
451 |y 5-16-001697-X 
610 1 |a этнология 
610 1 |a этнография 
610 1 |a этнологические школы 
610 1 |a этнос 
610 1 |a этничность 
610 1 |a этническая картина мира 
610 1 |a этногенез 
610 1 |a антропогенез 
610 1 |a этническая идентичность 
610 1 |a культура 
610 1 |a традиционное мышление 
610 1 |a межэтнические коммуникации 
610 1 |a этнические конфликты 
610 1 |a учебники 
610 1 |a антропология 
686 |a Т5я73  |2 rubbk 
700 1 |a Садохин  |b А. П.  |g Александр Петрович 
801 1 |a RU  |b 63413507  |c 20080513  |g PSBO 
801 2 |a RU  |b 63413507  |c 20150430  |g PSBO 
900 |a Обычаи и традиции народов мира 
900 |a Этнология Азиатско-Тихоокеанского региона 
942 |c BK 
959 |a 47/20080428  |d 2  |e 151,58  |f АНЛ:1  |f ЧЗГЛ:1